AH International Schools' Libraries

Little Red and the Cat Who Loved Cake (Record no. 49110)

MARC details
000 -LEADER
fixed length control field 00385nam a22001217a 4500
008 - FIXED-LENGTH DATA ELEMENTS--GENERAL INFORMATION
fixed length control field 250804b |||||||| |||| 00| 0 eng d
020 ## - INTERNATIONAL STANDARD BOOK NUMBER
International Standard Book Number 9780358315100
100 ## - MAIN ENTRY--PERSONAL NAME
Personal name Barbara Lehman (Author, Illustrator)
9 (RLIN) 86457
245 ## - TITLE STATEMENT
Title Little Red and the Cat Who Loved Cake
260 ## - PUBLICATION, DISTRIBUTION, ETC. (IMPRINT)
Place of publication, distribution, etc Boston, New York
Name of publisher, distributor, etc Clarion Books
Date of publication, distribution, etc 2021
300 ## - PHYSICAL DESCRIPTION
Extent 64 pages
Other physical details col. ill.
Dimensions 10.2 x 0.5 x 8 inches
942 ## - ADDED ENTRY ELEMENTS (KOHA)
Source of classification or shelving scheme
Holdings
Withdrawn status Lost status Source of classification or shelving scheme Damaged status Not for loan Collection code Home library Current library Date acquired Total Checkouts Full call number Barcode Date last seen Price effective from Koha item type
          Siem Reap Asian Hope Siem Reap Asian Hope Siem Reap 08/04/2025   FIC BAR 209071 08/04/2025 08/04/2025 Book

For any Logos Library related questions please contact Miss Art at swongnarasuk@asianhope.org.

For any Asian Hope Library related questions please contact Miss Raza at graza@asianhope.org.

Click here to explore our ebooks!

Powered by Koha